000 nam a22 a 4500
999 _c490
_d490
003 AKMAL
005 20170504094415.0
008 170504s2003 my 00 may d
020 _a9831922883 (kkt.):
_cRM26.00
039 9 _a200605121634
_bfatimah
_c200604271512
_dfatimah
040 _aAKMAL
_cAKMAL
049 0 0 _aklpmal
082 0 4 _a153.4207 AIN
_221
090 0 0 _a153.4207
_bAIN
090 2 0 _a153.4207
_bAIN
100 0 _aAinon Muhammad,
_d1950-
_9343
245 1 0 _aBelajar berfikir /
_cAinon Mohd. & Abdullah Hassan
260 _aPahang :
_bPTS Publications & Distributors,
_c2003
300 0 0 _avi, 359ms. ;
_c23cm.
440 0 _aSiri komunikasi
_91114
504 _aBibliografi: ms. 359
650 0 _aThought and thinking
_xStudy and teaching
_91115
650 0 _aCreative thinking
_xStudy and teaching
_91116
700 0 _aAbdullah Hassan,
_d1942-
_9341
942 _2ddc
_cBOOK